[Event "CP-2013-P-00055"]
[Site "LSS email"]
[Date "2013.09.30"]
[Round "?"]
[White "Ochoa, Fernandez"]
[Black "Khanas, Valeriy"]
[Result "1/2-1/2"]
[WhiteElo "1487"]
[BlackElo "2257"]
[PlyCount "97"]
[EventDate "2013.10.01"]
[EventType "tourn (corr)"]
[EventRounds "6"]
[EventCountry "GER"]
[SourceTitle "Corr 2022"]
[Source "ChessBase"]
[SourceDate "2021.10.24"]
[SourceVersion "1"]
[SourceVersionDate "2021.10.24"]
[SourceQuality "1"]

1. e4 c5 2. Nc3 Nc6 3. Nge2 g6 4. d4 cxd4 5. Nxd4 Bg7 6. Nb3 d6 7. Be2 Nf6 8. 0-0 0-0 9. Be3 Be6 10. Qd2 Ng4 11. Bxg4 Bxg4 12. Bh6 Bxh6 13. Qxh6 Be6 14. f4 f5 15. Rf2 Qb6 16. Re1 Rae8 17. h4 Nd8 18. Qg5 Nf7 19. Qg3 Nh6 20. exf5 Bxb3 21. axb3 Nxf5 22. Qg5 Kg7 23. h5 e5 24. Re4 Ne7 25. hxg6 Rf5 26. Qg3 hxg6 27. fxe5 d5 28. Ref4 Qe6 29. R4f3 Qxe5 30. Qxe5+ Rxe5 31. Rf7+ Kh6 32. Rd2 a6 33. Kf2 b5 34. Rf3 b4 35. Re2 Nf5 36. Rxe5 Rxe5 37. Ne2 a5 38. Rd3 g5 39. g4 Ne7 40. Nd4 Re4 41. Kf3 Kg6 42. c4 bxc3 43. bxc3 Kf6 44. Re3 Ke5 45. Kf2 Ng6 46. Nc6+ Kf4 47. Rxe4+ Kxe4 48. Ke2 Ne5 49. Nxe5 1/2-1/2

[Event "CP-2013-P-00055"]
[Site "LSS email"]
[Date "2013.09.30"]
[Round "?"]
[White "Ochoa, Fernandez"]
[Black "Koehler, Josef"]
[Result "1/2-1/2"]
[WhiteElo "1487"]
[BlackElo "2216"]
[PlyCount "86"]
[EventDate "2013.10.01"]
[EventType "tourn (corr)"]
[EventRounds "6"]
[EventCountry "GER"]
[SourceTitle "Corr 2022"]
[Source "ChessBase"]
[SourceDate "2021.10.24"]
[SourceVersion "1"]
[SourceVersionDate "2021.10.24"]
[SourceQuality "1"]

1. e4 c6 2. Ne2 d5 3. e5 c5 4. d4 Nc6 5. Nd2 e6 6. Nf3 Bd7 7. c3 Qb6 8. g3 cxd4 9. Nexd4 Bc5 10. Bg2 Nxd4 11. Nxd4 Ne7 12. 0-0 0-0 13. Be3 h6 14. b4 Bxd4 15. Bxd4 Qc7 16. Re1 Bb5 17. a4 Bc4 18. Bc5 b6 19. Bd6 Qd7 20. a5 Rfe8 21. Bxe7 Qxe7 22. Bf3 Rec8 23. Qc2 Qb7 24. Qd2 Rc6 25. Bh5 Bb5 26. Kg2 Rac8 27. Re3 a6 28. axb6 Qxb6 29. Ra3 Rc4 30. Bf3 Rd8 31. Rd3 Rc6 32. Re3 d4 33. cxd4 Rxd4 34. Qe1 g5 35. h4 Rcc4 36. hxg5 hxg5 37. Rac3 g4 38. Be4 Qc7 39. Bc2 Bc6+ 40. Kf1 Qb7 41. Rxc4 Rxc4 42. Qd2 Qb5 43. Qd8+ Kg7 1/2-1/2

[Event "BI-2013-P-00028"]
[Site "LSS email"]
[Date "2013.04.23"]
[Round "?"]
[White "Jokmin, Guido"]
[Black "Ochoa, Fernandez"]
[Result "0-1"]
[WhiteElo "641"]
[BlackElo "1456"]
[PlyCount "26"]
[EventDate "2013.04.25"]
[EventType "tourn (corr)"]
[EventRounds "10"]
[EventCountry "GER"]
[SourceTitle "Corr 2022"]
[Source "ChessBase"]
[SourceDate "2021.10.24"]
[SourceVersion "1"]
[SourceVersionDate "2021.10.24"]
[SourceQuality "1"]

1. d4 d5 2. c4 e6 3. Nc3 c5 4. Nf3 Nf6 5. Qc2 cxd4 6. Nxd4 e5 7. Nf3 d4 8. Ne4 Nc6 9. c5 Nxe4 10. Qxe4 f5 11. Qc2 e4 12. Ng5 e3 13. Qb3 Qxg5 0-1

[Event "SN-2013-0-00496"]
[Site "LSS email"]
[Date "2013.03.18"]
[Round "?"]
[White "Heineccius, August"]
[Black "Ochoa, Fernandez"]
[Result "0-1"]
[WhiteElo "493"]
[BlackElo "1198"]
[PlyCount "40"]
[EventDate "2013.02.25"]
[EventType "tourn (corr)"]
[EventRounds "6"]
[EventCountry "GER"]
[SourceTitle "Telechess CBM 161"]
[Source "ChessBase"]
[SourceDate "2014.07.16"]
[SourceVersion "1"]
[SourceVersionDate "2014.07.16"]
[SourceQuality "1"]

1. e4 e5 2. Nc3 Nf6 3. d3 d5 4. Bg5 d4 5. Nce2 Bd6 6. Nf3 0-0 7. c4 Bg4 8. Nh4 h6 9. Bd2 Nxe4 10. dxe4 Qxh4 11. g3 Qf6 12. h3 Bf3 13. Rh2 d3 14. Qb3 dxe2 15. Bg2 Bxg2 16. Rxg2 Nc6 17. Qxb7 Nd4 18. b3 Qf3 19. Rc1 Qd3 20. Rc3 Nf3# 0-1

[Event "SN-2013-0-00496"]
[Site "LSS email"]
[Date "2013.03.18"]
[Round "?"]
[White "Klawitter, Bernd"]
[Black "Ochoa, Fernandez"]
[Result "1/2-1/2"]
[WhiteElo "726"]
[BlackElo "1198"]
[PlyCount "46"]
[EventDate "2013.02.25"]
[EventType "tourn (corr)"]
[EventRounds "6"]
[EventCountry "GER"]
[SourceTitle "Telechess CBM 161"]
[Source "ChessBase"]
[SourceDate "2014.07.16"]
[SourceVersion "1"]
[SourceVersionDate "2014.07.16"]
[SourceQuality "1"]

1. e4 e5 2. Nf3 Nc6 3. Bb5 g6 4. Ba4 Bg7 5. 0-0 Nge7 6. c3 d5 7. exd5 Qxd5 8. d4 Bg4 9. h3 Bxf3 10. Qxf3 Qxf3 11. gxf3 exd4 12. Bxc6+ Nxc6 13. Re1+ Kd7 14. Bf4 Rae8 15. Na3 dxc3 16. Rad1+ Kc8 17. bxc3 Rxe1+ 18. Rxe1 Bxc3 19. Rd1 a6 20. Kg2 Nb4 21. Rc1 Nd3 22. Rxc3 Nxf4+ 23. Kh2 Rd8 1/2-1/2

[Event "SN-2013-0-00496"]
[Site "LSS email"]
[Date "2013.03.18"]
[Round "?"]
[White "Ochoa, Fernandez"]
[Black "Linart, Ludvik"]
[Result "1-0"]
[WhiteElo "1198"]
[BlackElo "869"]
[PlyCount "64"]
[EventDate "2013.02.25"]
[EventType "tourn (corr)"]
[EventRounds "6"]
[EventCountry "GER"]
[SourceTitle "Telechess CBM 161"]
[Source "ChessBase"]
[SourceDate "2014.07.16"]
[SourceVersion "1"]
[SourceVersionDate "2014.07.16"]
[SourceQuality "1"]

1. e4 e5 2. Nf3 Nc6 3. c3 Nf6 4. d4 exd4 5. e5 Ng4 6. cxd4 Bb4+ 7. Nc3 0-0 8. h3 Nh6 9. Bxh6 gxh6 10. Bd3 d6 11. Qc1 dxe5 12. Qxh6 f5 13. Bc4+ Kh8 14. dxe5 Qe7 15. Qf4 Bd7 16. 0-0 Bxc3 17. bxc3 Rae8 18. Rfd1 Be6 19. Bd5 Bxd5 20. Rxd5 Qe6 21. Rad1 Re7 22. g3 Rg7 23. Ng5 Qg6 24. Nf3 Re7 25. Rd7 Rxd7 26. Rxd7 Rf7 27. Nh4 Qe6 28. Rxf7 Qxf7 29. Nxf5 Qe6 30. Nd4 Qe7 31. Nxc6 bxc6 32. Qf5 Kg7 1-0

[Event "SN-2013-0-00484"]
[Site "LSS email"]
[Date "2013.01.20"]
[Round "?"]
[White "Ochoa, Fernandez"]
[Black "Vaculik, Jakub"]
[Result "1-0"]
[WhiteElo "1198"]
[BlackElo "848"]
[PlyCount "49"]
[EventDate "2013.01.05"]
[EventType "tourn (corr)"]
[EventRounds "6"]
[EventCountry "GER"]
[SourceTitle "Telechess CBM 163"]
[Source "ChessBase"]
[SourceDate "2014.11.11"]
[SourceVersion "2"]
[SourceVersionDate "2014.11.11"]
[SourceQuality "1"]

1. e4 e5 2. Nf3 d6 3. d4 exd4 4. Nxd4 Be7 5. Nc3 Nf6 6. Bf4 Bd7 7. Be2 0-0 8. 0-0 c5 9. Ndb5 Bxb5 10. Nxb5 Nxe4 11. Qd5 Nf6 12. Qxb7 Nbd7 13. Rfd1 Qb8 14. Qxb8 Raxb8 15. a4 a6 16. Nxd6 Rxb2 17. Nf5 Bd8 18. Bxa6 Ba5 19. Bb5 Nb6 20. Bd6 Rd8 21. Be5 Rxd1+ 22. Rxd1 h6 23. Bxb2 c4 24. Ne7+ Kh8 25. Bxf6 1-0

[Event "OP-2013-0-02592"]
[Site "LSS email"]
[Date "2013.01.17"]
[Round "?"]
[White "Kaloev, Todor"]
[Black "Ochoa, Fernandez"]
[Result "1/2-1/2"]
[WhiteElo "1735"]
[BlackElo "1159"]
[PlyCount "54"]
[EventDate "2013.01.13"]
[EventType "tourn (corr)"]
[EventRounds "4"]
[EventCountry "GER"]
[SourceTitle "Telechess CBM 159"]
[Source "ChessBase"]
[SourceDate "2014.03.17"]
[SourceVersion "1"]
[SourceVersionDate "2014.03.17"]
[SourceQuality "1"]

1. e4 e5 2. Nf3 Nc6 3. Bc4 Nf6 4. d3 Bc5 5. c3 a6 6. Bb3 0-0 7. h3 d5 8. exd5 Nxd5 9. 0-0 Bf5 10. Re1 Qd6 11. Nh4 Be6 12. Nd2 Ba7 13. Ne4 Qd8 14. Nf3 h6 15. Bd2 Re8 16. Qc2 f5 17. Ng3 Qf6 18. Rad1 f4 19. Ne4 Qg6 20. d4 exd4 21. cxd4 Bf7 22. Bc3 Re7 23. Ne5 Nxe5 24. dxe5 Nxc3 25. Qxc3 Rae8 26. Bxf7+ Rxf7 27. Kh2 Qc6 1/2-1/2

[Event "OP-2013-0-02592"]
[Site "LSS email"]
[Date "2013.01.17"]
[Round "?"]
[White "Ochoa, Fernandez"]
[Black "Amuso, Jose Alberto"]
[Result "1-0"]
[WhiteElo "1159"]
[BlackElo "1057"]
[PlyCount "45"]
[EventDate "2013.01.13"]
[EventType "tourn (corr)"]
[EventRounds "4"]
[EventCountry "GER"]
[SourceTitle "Telechess CBM 159"]
[Source "ChessBase"]
[SourceDate "2014.03.17"]
[SourceVersion "1"]
[SourceVersionDate "2014.03.17"]
[SourceQuality "1"]

1. e4 Nc6 2. d4 e6 3. Nf3 d6 4. Bd3 d5 5. Nc3 Bb4 6. 0-0 Bxc3 7. bxc3 Nf6 8. e5 Nd7 9. Ng5 h6 10. Qh5 0-0 11. Nh7 Re8 12. Bxh6 gxh6 13. Qxh6 Ndxe5 14. dxe5 Nxe5 15. Nf6+ Qxf6 16. Bh7+ Kh8 17. Qxf6+ Kxh7 18. f4 Rg8 19. Qh4+ Kg7 20. fxe5 Bd7 21. Qg5+ Kf8 22. Rxf7+ Kxf7 23. Rf1+ 1-0

[Event "OP-2013-0-02592"]
[Site "LSS email"]
[Date "2013.01.17"]
[Round "?"]
[White "Ochoa, Fernandez"]
[Black "Digiglio, Rafael"]
[Result "1-0"]
[WhiteElo "1159"]
[BlackElo "817"]
[PlyCount "35"]
[EventDate "2013.01.13"]
[EventType "tourn (corr)"]
[EventRounds "4"]
[EventCountry "GER"]
[SourceTitle "Corr 2015"]
[Source "ChessBase"]
[SourceDate "2015.07.17"]
[SourceVersion "1"]
[SourceVersionDate "2015.07.17"]
[SourceQuality "1"]

1. e4 e5 2. Nf3 Nc6 3. Bb5 Nge7 4. d4 Nxd4 5. Nxd4 exd4 6. Qxd4 c6 7. Bd3 d5 8. Nc3 Be6 9. 0-0 dxe4 10. Qxe4 Bf5 11. Qf3 Bxd3 12. Rd1 Qc7 13. Bf4 Qb6 14. Rxd3 h6 15. Re1 Rd8 16. Rxd8+ Qxd8 17. Ne4 Nd5 18. Nf6# 1-0